[Event "AUTO-ADV-2977"]
[Site "http://www.queenalice.com/game.php?id=1223832"]
[Date "2013.10.11"]
[Round "1"]
[White "backnine"]
[Black "victorbush1"]
[Result "0-1"]
[WhiteElo "1729"]
[BlackElo "2030"]

1. e4 e5 2. d3 Nc6 3. c3 Nf6 4. Bg5 Be7 5. g3 O-O 6. Bg2 h6 7. Bxf6 Bxf6 8. Nf3
d6 9. O-O Re8 10. Qc2 b6 11. a4 Bb7 12. Nbd2 Qd7 13. Rfe1 Rad8 14. Nc4 Ne7 15.
a5 b5 16. Ncd2 a6 17. Nb1 d5 18. Nbd2 Rc8 19. h4 c5 20. Kh2 Rc7 21. Red1 Nc6 22.
exd5 Qxd5 23. Ne4 Ne7 24. Nfd2 Qc6 25. Rf1 Rd8 26. Nxf6+ Qxf6 27. Bxb7 Rxb7 28.
Ne4 Qc6 29. f4 Nf5 30. Qd2 c4 31. Rfe1 Rxd3 32. Qe2 Re3 33. Qc2 Rxe1 34. Rxe1
Re7 35. Nf2 exf4 36. Rxe7 fxg3+ 37. Kh3 Nxe7 38. Ne4 Nf5 39. Qg2 Qc7 40. b4 cxb3
41. Qf3 Qe5 42. Qd3 b2 43. Nd2 Ne3 44. Nf3 g2 45. Qd8+ Kh7 46. Qd3+ Qf5+ 47.
Qxf5+ Nxf5 0-1

[Event "AUTO-ADV-2977"]
[Site "http://www.queenalice.com/game.php?id=1223833"]
[Date "2013.10.11"]
[Round "1"]
[White "victorbush1"]
[Black "SMB51"]
[Result "1-0"]
[WhiteElo "1986"]
[BlackElo "1772"]

1. e4 e5 2. Nf3 d6 3. Bc4 h6 4. Nc3 Nf6 5. h3 Nh5 6. Nxe5 dxe5 7. Qxh5 Qf6 8.
Nd5 Qd6 9. O-O Na6 10. a3 Be6 11. d3 g6 12. Nf6+ Ke7 13. Qh4 Bg7 14. Ng4+ g5 15.
Bxg5+ hxg5 16. Qxg5+ Kf8 17. Rad1 f6 18. Qg6 Qe7 19. Bxe6 Qxe6 20. f4 Qb6+ 21.
Kh1 f5 22. Qxf5+ Ke7 23. fxe5 Nc5 24. Qf7+ Kd8 25. Qxg7 Re8 26. Rf8 Qc6 27. Nf6
Ne6 28. Rxe8+ Qxe8 29. Nxe8 Nxg7 30. Nxg7 Ke7 31. Nf5+ Ke6 32. d4 Rd8 33. c3 a5
34. g4 b5 35. Kg2 b4 36. c4 c5 37. Ng7+ Kf7 38. Rf1+ Kxg7 39. d5 bxa3 40. bxa3
Rb8 41. d6 Rb2+ 42. Kg3 Rb3+ 43. Rf3 1-0

[Event "AUTO-ADV-2977"]
[Site "http://www.queenalice.com/game.php?id=1223834"]
[Date "2013.10.11"]
[Round "1"]
[White "SMB51"]
[Black "victorbush1"]
[Result "0-1"]
[WhiteElo "1766"]
[BlackElo "1993"]

1. e4 e5 2. Nf3 Nc6 3. Bc4 Nf6 4. Nc3 h6 5. O-O Bb4 6. a3 Bxc3 7. dxc3 Nxe4 8.
Re1 Nxf2 9. Kxf2 d6 10. Bf4 Qf6 11. Bg3 O-O 12. Bh4 g5 13. Bg3 g4 14. Be2 gxf3
15. Bxf3 Bg4 16. Kg1 Bxf3 17. gxf3 Qg5 18. Kf2 f6 19. Re4 h5 20. f4 Qf5 21. Qf3
d5 22. Re2 Rad8 23. Rg1 Kh7 24. b4 b5 25. Ke1 Rfe8 26. Kd1 e4 27. Qg2 Rg8 28.
Qf1 d4 29. cxd4 Nxd4 30. Reg2 Nf3+ 31. Kc1 Nxg1 32. Rxg1 e3 33. Qf3 Rd2 34. Qc6
Rg7 35. a4 bxa4 36. Qxa4 h4 37. Rd1 Rxd1+ 38. Kxd1 hxg3 39. hxg3 Qd5+ 40. Ke2
Rxg3 0-1

[Event "AUTO-ADV-2977"]
[Site "http://www.queenalice.com/game.php?id=1223835"]
[Date "2013.10.11"]
[Round "1"]
[White "victorbush1"]
[Black "nemeth"]
[Result "0-1"]
[WhiteElo "2024"]
[BlackElo "2129"]

1. d4 d5 2. Nc3 Nf6 3. Nf3 Bf5 4. Bf4 a6 5. e3 Nbd7 6. h3 e6 7. a3 Be7 8. Be2
O-O 9. O-O c5 10. Nh4 Bg6 11. Nxg6 hxg6 12. b3 Rc8 13. Bh2 cxd4 14. Qxd4 e5 15.
Bxe5 Nxe5 16. Qxe5 Nd7 17. Qd4 Bf6 18. Qxd5 Bxc3 19. Rad1 Nc5 20. Qd6 Qxd6 21.
Rxd6 Rfd8 22. Rfd1 Ne6 23. a4 Rxd6 24. Rxd6 Be5 25. Rd2 Rd8 26. Rd3 Rxd3 27.
cxd3 Bc7 28. d4 Kf8 29. f3 Ba5 30. Kf2 Ke7 31. Bc4 Kd6 32. Ke2 f6 33. f4 g5 34.
Kf3 gxf4 35. Ke4 fxe3 36. Kxe3 Bb6 37. Ke4 Nxd4 38. b4 Nc6 39. b5 axb5 40. axb5
Ne7 41. Be2 g5 42. Kd3 Ng6 43. Ke4 Ne7 44. Bc4 f5+ 45. Kf3 Bd4 46. Bd3 Ng6 47.
Ke2 Nf4+ 48. Kd2 Nxd3 49. Kxd3 Bf2 0-1

[Event "AUTO-ADV-2977"]
[Site "http://www.queenalice.com/game.php?id=1223836"]
[Date "2013.10.11"]
[Round "1"]
[White "nemeth"]
[Black "victorbush1"]
[Result "1-0"]
[WhiteElo "1976"]
[BlackElo "2018"]

1. e4 e5 2. Nc3 Nf6 3. f4 d5 4. fxe5 Nxe4 5. Nf3 a6 6. Bd3 Nxc3 7. dxc3 Bc5 8.
Bg5 Be7 9. Bxe7 Qxe7 10. O-O O-O 11. Qd2 Nc6 12. Rae1 h6 13. Qf4 Be6 14. Nd4
Nxd4 15. cxd4 c5 16. c3 b5 17. Rf3 c4 18. Bb1 a5 19. Rg3 Kh8 20. Qd2 Rfb8 21.
Rf1 b4 22. Rf6 Qf8 23. Qf2 g5 24. Rh3 Bxh3 25. Rxf7 Qg8 26. Qf6+ 1-0

[Event "AUTO-MASTER-1967"]
[Site "http://www.queenalice.com/game.php?id=1226327"]
[Date "2013.10.22"]
[Round "1"]
[White "gilberth1"]
[Black "victorbush1"]
[Result "0-1"]
[WhiteElo "1977"]
[BlackElo "2001"]

1. d4 d5 2. Nf3 Nf6 3. e3 e6 4. c4 Nc6 5. Nc3 Bb4 6. Bd3 Bxc3+ 7. bxc3 O-O 8.
O-O Re8 9. Qc2 h6 10. Rb1 b6 11. cxd5 exd5 12. Ba3 Bb7 13. Nd2 Ne7 14. c4 c6 15.
Nf3 Bc8 0-1

[Event "AUTO-MASTER-1967"]
[Site "http://www.queenalice.com/game.php?id=1226328"]
[Date "2013.10.22"]
[Round "1"]
[White "victorbush1"]
[Black "gilberth1"]
[Result "1-0"]
[WhiteElo "2016"]
[BlackElo "1962"]

1. d4 Nf6 2. c4 e6 3. Nc3 d5 4. e3 c5 5. Nf3 Nc6 6. Bd3 cxd4 7. exd4 Nb4 8. Be2
dxc4 9. Bxc4 Bd7 10. O-O Rc8 11. b3 Be7 12. a3 Nbd5 13. Nxd5 Nxd5 14. Bd3 1-0

[Event "AUTO-MASTER-1967"]
[Site "http://www.queenalice.com/game.php?id=1226345"]
[Date "2013.10.22"]
[Round "1"]
[White "victorbush1"]
[Black "favazza2007"]
[Result "1-0"]
[WhiteElo "2000"]
[BlackElo "2051"]

1. d4 d5 2. c4 dxc4 3. e3 e5 4. Bxc4 Be6 5. Bxe6 fxe6 6. Qh5+ g6 7. Qxe5 Qf6 8.
Qb5+ Nd7 9. Qxb7 Qd8 10. Nf3 Bd6 11. O-O Ne7 12. Ng5 Nf8 13. Qf3 Nf5 14. Nc3
Qxg5 15. Qxa8+ Kf7 16. Qf3 Kg7 17. Ne4 Qe7 18. Nxd6 cxd6 19. b3 Nd7 20. Bb2 Rf8
21. e4 Nxd4 22. Bxd4+ e5 23. Qc3 exd4 24. Qxd4+ Qe5 25. Qxa7 Rf7 26. f3 Nc5 27.
Qa5 Nd3 28. Qd2 Nf4 29. a4 Qg5 30. Qd4+ Qe5 31. Qxe5+ dxe5 32. Ra2 Ne6 33. b4
Nd4 34. Re1 Rc7 35. Kf2 Kf6 36. b5 Ke7 37. b6 Rb7 38. a5 Kd7 39. a6 Rb8 40. a7
Ra8 41. b7 Rf8 42. a8=Q Rxa8 43. bxa8=Q 1-0

[Event "AUTO-MASTER-1967"]
[Site "http://www.queenalice.com/game.php?id=1226346"]
[Date "2013.10.22"]
[Round "1"]
[White "favazza2007"]
[Black "victorbush1"]
[Result "0-1"]
[WhiteElo "2008"]
[BlackElo "2008"]

1. d4 d5 2. c4 e6 3. c5 b6 4. b4 bxc5 5. bxc5 Nf6 6. Bg5 Be7 7. Nc3 Nc6 8. e3
O-O 9. Nf3 h6 10. Bxf6 Bxf6 11. Bb5 Bd7 12. Bxc6 Bxc6 13. O-O a6 14. a4 Re8 15.
Rb1 Qd7 16. Qc2 Reb8 17. Rxb8+ Rxb8 18. Rb1 Rxb1+ 19. Qxb1 Bxa4 20. Nxa4 Qxa4
21. g3 Qb5 22. Qxb5 axb5 23. Kf1 c6 24. Ke2 Kf8 25. Ne1 g5 26. g4 Kg7 27. Nc2 e5
28. Nb4 Kf8 29. Nxc6 Ke8 30. dxe5 Bd8 31. Nb4 Kd7 32. Nxd5 Kc6 33. e4 Kxc5 34.
Kd3 b4 35. Ne3 Be7 36. Nf5 Bf8 37. Nd6 Bxd6 38. exd6 Kxd6 39. Kd4 b3 40. e5+ Ke6
41. Kc3 Kxe5 42. Kxb3 Kf4 43. Kc4 Kf3 44. Kd4 Kxg4 45. Ke5 Kf3 46. Kf6 g4 47.
Kxf7 Kxf2 48. Kg6 Kg2 49. Kh5 Kh3 50. Kxh6 Kxh2 51. Kh5 g3 52. Kh4 g2 53. Kh5
g1=Q 0-1

[Event "AUTO-MASTER-1967"]
[Site "http://www.queenalice.com/game.php?id=1226347"]
[Date "2013.10.22"]
[Round "1"]
[White "victorbush1"]
[Black "gedr59"]
[Result "0-1"]
[WhiteElo "2004"]
[BlackElo "2246"]

1. d4 e6 2. c4 f5 3. g3 Nf6 4. Bg2 d5 5. Nc3 c6 6. Nf3 Bd6 7. O-O O-O 8. b3 Nbd7
9. e3 b6 10. Bb2 Ba6 11. Nd2 Qe8 12. Re1 Ne4 13. Ndxe4 fxe4 14. f3 exf3 15. Bxf3
Qg6 16. Kg2 Rad8 17. cxd5 cxd5 18. e4 dxe4 19. Bxe4 Qh6 20. Bc1 Rf2+ 21. Kxf2
Qxh2+ 22. Ke3 Rf8 0-1

[Event "AUTO-MASTER-1967"]
[Site "http://www.queenalice.com/game.php?id=1226348"]
[Date "2013.10.22"]
[Round "1"]
[White "gedr59"]
[Black "victorbush1"]
[Result "1-0"]
[WhiteElo "2250"]
[BlackElo "1998"]

1. c4 Nf6 2. Nc3 e5 3. Nf3 Bc5 4. Nxe5 O-O 5. d4 Bb4 6. g3 Nc6 7. Bg2 Re8 8. Nd3
Bxc3+ 9. bxc3 Na5 10. Qa4 Nc6 11. O-O Rxe2 12. Bg5 h6 13. Bxf6 Qxf6 14. Rae1 Re7
15. Nf4 Rxe1 16. Rxe1 Qd8 17. Qc2 d6 18. Bd5 Ne7 19. Qe4 Bd7 20. Qxe7 Qxe7 21.
Rxe7 Bc6 22. Rxc7 Rb8 23. Bxf7+ Kh8 24. d5 Be8 25. Bxe8 Rxe8 26. Ne6 Rg8 27.
Rxb7 Rc8 28. Rc7 Rb8 29. Rxa7 Rb1+ 30. Kg2 Ra1 31. Nc7 Rb1 32. Nb5 Rc1 33. Rd7
Rc2 34. Rxd6 Rxa2 35. c5 Ra5 36. c6 Kh7 37. c7 1-0

[Event "Challenge"]
[Site "http://www.queenalice.com/game.php?id=1232992"]
[Date "2013.11.17"]
[Round "-"]
[White "Zugswang"]
[Black "victorbush1"]
[Result "1-0"]
[WhiteElo "2210"]
[BlackElo "2012"]

1. e4 e5 2. f4 d5 3. exd5 exf4 4. Nf3 Nf6 5. c4 Be7 6. d4 O-O 7. Bxf4 Re8 8. Be2
Bd6 9. Be5 Bxe5 10. dxe5 Ng4 11. Qd4 Nh6 12. O-O c6 13. Nc3 Nf5 14. Qf2 cxd5 15.
cxd5 Nd7 16. Bd3 Nxe5 17. Nxe5 Rxe5 18. Rae1 Rxe1 19. Rxe1 1-0

[Event "AUTO-MASTER-2065"]
[Site "http://www.queenalice.com/game.php?id=1271202"]
[Date "2014.4.8"]
[Round "1"]
[White "victorbush1"]
[Black "Knightman"]
[Result "0-1"]
[WhiteElo "2018"]
[BlackElo "2272"]

1. d4 Nf6 2. c4 e6 3. Nc3 d5 4. e3 c6 5. Nf3 Nbd7 6. b3 Bd6 7. c5 Bc7 8. Bd3 e5
9. Bc2 e4 10. Nd2 b6 11. b4 O-O 12. O-O Ba6 13. Re1 bxc5 14. bxc5 Rb8 15. f3 Qe7
16. fxe4 Ba5 17. Ne2 Nxe4 18. Bxe4 dxe4 19. Rf1 Nf6 20. Rf4 Bc7 21. Rh4 g5 22.
Rh6 Ng4 23. Rh3 Bxh2+ 24. Rxh2 Nxe3 25. Qa4 Bxe2 26. Qxc6 Bd3 27. Qh6 f6 28. Qh3
Nc2 29. Rb1 Rxb1 30. Nxb1 e3 0-1

[Event "AUTO-MASTER-2065"]
[Site "http://www.queenalice.com/game.php?id=1271203"]
[Date "2014.4.8"]
[Round "1"]
[White "Knightman"]
[Black "victorbush1"]
[Result "1-0"]
[WhiteElo "2218"]
[BlackElo "2036"]

1. d4 d5 2. c4 e6 3. Nc3 Nf6 4. e3 Bb4 5. Nf3 O-O 6. a3 Bxc3+ 7. bxc3 Ne4 8. Qc2
Nd7 9. Bd3 Ndf6 10. Ne5 Re8 11. f3 Ng5 12. h4 Nh5 13. hxg5 Qxg5 14. g4 Ng3 15.
Rxh7 f5 16. Qh2 Kf8 17. e4 1-0

[Event "AUTO-MASTER-2065"]
[Site "http://www.queenalice.com/game.php?id=1271204"]
[Date "2014.4.8"]
[Round "1"]
[White "victorbush1"]
[Black "TorresR"]
[Result "1-0"]
[WhiteElo "2008"]
[BlackElo "1820"]

1. e4 Nc6 2. Nf3 f5 3. exf5 d5 4. Bb5 e5 5. Nxe5 Qd6 6. Qh5+ g6 7. fxg6 Nf6 8.
g7+ Nxh5 9. gxh8=Q Nf6 10. d4 Bf5 11. Bh6 O-O-O 12. Bxf8 Rxf8 13. Qg7 Bxc2 14.
O-O Be4 15. Nc3 Bxg2 16. Qxg2 Rg8 17. Qxg8+ Nxg8 18. Nxc6 bxc6 19. Ba6+ Kd7 20.
Bd3 Qf4 21. Ne2 Qf3 22. Rad1 Qh3 23. Ng3 Nf6 24. Bf5+ 1-0

[Event "AUTO-MASTER-2065"]
[Site "http://www.queenalice.com/game.php?id=1271205"]
[Date "2014.4.8"]
[Round "1"]
[White "TorresR"]
[Black "victorbush1"]
[Result "0-1"]
[WhiteElo "1812"]
[BlackElo "2016"]

1. e4 e5 2. Nf3 Nc6 3. Nc3 a6 4. Bc4 Bb4 5. Nd5 Bc5 6. c3 h6 7. d4 exd4 8. cxd4
Ba7 9. Be3 Nge7 10. Qb3 O-O 11. Nf6+ gxf6 12. h3 Na5 13. Qc3 Nxc4 14. Bxh6 Re8
15. Nh4 Kh7 16. Bf4 d5 17. O-O-O Ng6 18. Qg3 Nxf4 19. Qxf4 Rxe4 20. Qg3 Qg8 21.
Qd3 Qg5+ 22. Kb1 Qxh4 23. f3 Bf5 24. fxe4 Bxe4 0-1

[Event "AUTO-MASTER-2065"]
[Site "http://www.queenalice.com/game.php?id=1271206"]
[Date "2014.4.8"]
[Round "1"]
[White "victorbush1"]
[Black "Artking"]
[Result "1-0"]
[WhiteElo "2012"]
[BlackElo "1997"]

1. d4 Nf6 2. c4 g6 3. Nc3 Bg7 4. Nf3 d6 5. e4 Nbd7 6. e5 dxe5 7. dxe5 Ng4 8. e6
Ndf6 9. Qxd8+ Kxd8 10. exf7 Nd7 11. Be3 Nxe3 12. Ng5 Nc2+ 13. Kd1 Ne3+ 14. fxe3
Ne5 15. c5 Bg4+ 16. Kc2 h6 17. Nf3 Nxf3 18. gxf3 Be6 19. Rd1+ Kc8 20. Rg1 c6 21.
Bd3 g5 22. h4 Bxf7 23. hxg5 hxg5 24. Rxg5 Bf6 25. Rg2 Kc7 26. Ne4 Rag8 27. Rxg8
Rxg8 28. Nxf6 exf6 29. a3 a5 30. f4 Rg2+ 31. Rd2 Bb3+ 32. Kc3 Rxd2 33. Kxd2 Kd7
34. Kc3 Bd1 35. b4 a4 36. Kd4 Ke6 37. f5+ Ke7 38. e4 Kd7 39. e5 fxe5+ 40. Kxe5
Bb3 41. Be2 Bf7 42. Bg4 Kc7 43. f6 Be8 44. Bf5 Bf7 45. Be6 1-0

[Event "AUTO-MASTER-2065"]
[Site "http://www.queenalice.com/game.php?id=1271207"]
[Date "2014.4.8"]
[Round "1"]
[White "Artking"]
[Black "victorbush1"]
[Result "1-0"]
[WhiteElo "1979"]
[BlackElo "2036"]

1. e4 e5 2. Nf3 Nc6 3. Bb5 d6 4. c3 a6 5. Ba4 Bd7 6. O-O Nf6 7. d3 Be7 8. Nbd2
O-O 9. h3 b5 10. Bb3 h6 11. a4 Na5 12. Bc2 c6 13. b4 Nb7 14. a5 Re8 15. Ne1 c5
16. f4 cxb4 17. cxb4 Bc6 18. fxe5 dxe5 19. Rb1 Qd4+ 20. Kh2 Bxb4 21. Ndf3 Qd6
22. Nh4 Bd7 23. Nf5 Bxf5 24. Rxf5 Bxa5 25. Bb2 Bd8 26. Rf2 Bb6 27. Rf1 a5 28.
Nf3 b4 29. Nh4 Nc5 30. Nf5 Qe6 31. Qf3 Kh7 32. d4 b3 33. d5 Qd7 34. Bd1 a4 35.
Nxg7 Rg8 36. Qxf6 Bc7 37. Bg4 Qd6 38. Bf5+ Kh8 39. Ne6+ 1-0

[Event "AUTO-MASTER-2092"]
[Site "http://www.queenalice.com/game.php?id=1283722"]
[Date "2014.5.24"]
[Round "1"]
[White "victorbush1"]
[Black "Janivgm"]
[Result "0-1"]
[WhiteElo "2014"]
[BlackElo "1980"]

1. d4 d5 2. c4 c6 3. e3 Nf6 4. Nf3 Bf5 5. Nc3 g6 6. b3 Bg7 7. Be2 O-O 8. O-O Ne4
9. Bb2 Nxc3 10. Bxc3 Re8 11. Re1 Nd7 12. c5 b6 13. b4 bxc5 14. bxc5 e5 15. Nd2
Qc7 16. Nf3 Bf6 17. h3 e4 18. Nh2 h5 19. f4 Nf8 20. g4 hxg4 21. hxg4 Be6 22. g5
Bg7 23. Bg4 Rab8 24. Kg2 f5 25. gxf6 Bxf6 26. Bxe6+ Nxe6 27. Ng4 Qg7 28. Nxf6+
Qxf6 29. Qg4 Kf7 30. Rh1 Rh8 31. Rxh8 Rxh8 32. Rh1 Rxh1 33. Kxh1 Qh8+ 34. Kg2
Qh5 35. Qxh5 gxh5 36. Be1 Kg6 37. Kh3 Ng7 38. Bf2 Nf5 39. Be1 Nxe3 40. Bf2 Nf5
41. Bg1 e3 42. Kg2 Nxd4 43. Bxe3 Nc2 44. Bd2 Kf5 45. Kg3 Nd4 46. a4 a6 0-1

[Event "AUTO-MASTER-2092"]
[Site "http://www.queenalice.com/game.php?id=1283723"]
[Date "2014.5.24"]
[Round "1"]
[White "Janivgm"]
[Black "victorbush1"]
[Result "0-1"]
[WhiteElo "1997"]
[BlackElo "1997"]

1. d4 d5 2. c4 e6 3. Nc3 Bb4 4. Nf3 Nf6 5. cxd5 Nxd5 6. Bd2 O-O 7. g3 b6 8. Bg2
Bb7 9. O-O Nd7 10. a3 Bxc3 11. bxc3 c5 12. Re1 c4 13. e4 Ne7 14. Qa4 Qc8 15. Bf4
Nf6 16. Nd2 Ba6 17. e5 b5 18. Qc2 Nfd5 19. Be3 Bb7 20. a4 Nxe3 21. Rxe3 Bxg2 22.
Kxg2 Qc6+ 23. Qe4 Nd5 24. Rf3 a6 25. a5 h6 26. h3 Rab8 27. Kh2 Qc7 28. Qb1 b4
29. Ne4 bxc3 30. Qc1 Rb5 31. Nxc3 Rxa5 32. Na4 Qc6 33. Nc5 Rxa1 34. Qxa1 Nb4 35.
Rc3 Qb5 36. Qa4 Rc8 37. Qa1 Rd8 38. Qd1 Qxc5 39. dxc5 Rxd1 40. Rxc4 a5 41. Kg2
Nc6 42. f4 Rd4 43. Rc3 Kf8 44. Kf3 Ke7 45. Ke3 a4 46. h4 f6 47. exf6+ gxf6 48.
g4 e5 49. fxe5 fxe5 50. Kf3 Ke6 51. Kg3 e4 52. g5 hxg5 53. hxg5 Rd3+ 0-1

[Event "AUTO-MASTER-2092"]
[Site "http://www.queenalice.com/game.php?id=1283724"]
[Date "2014.5.24"]
[Round "1"]
[White "victorbush1"]
[Black "PRODIGY1971"]
[Result "0-1"]
[WhiteElo "2013"]
[BlackElo "2171"]

1. e4 e5 2. Nf3 Nc6 3. Bc4 Nf6 4. d3 Bc5 5. O-O d6 6. h3 Be6 7. Bxe6 fxe6 8. c3
Bb6 9. Re1 O-O 10. Nbd2 Nh5 11. Nb3 Qe8 12. Be3 Bxe3 13. Rxe3 Qg6 14. Kh2 Qh6
15. g3 Nf6 16. Kg2 a5 17. a4 Rf7 18. Qe2 Raf8 19. Rf1 Qh5 20. Nbd2 g5 21. g4 Qh6
22. Rh1 d5 23. Nh2 Ne7 24. Rf3 Ng6 25. Kg1 Re8 26. Qe3 Nf4 27. Kf1 Rd7 28. Rg3
dxe4 0-1

[Event "AUTO-MASTER-2092"]
[Site "http://www.queenalice.com/game.php?id=1283725"]
[Date "2014.5.24"]
[Round "1"]
[White "PRODIGY1971"]
[Black "victorbush1"]
[Result "1-0"]
[WhiteElo "2158"]
[BlackElo "2013"]

1. Nf3 Nc6 2. d4 d5 3. c4 e6 4. a3 Nf6 5. e3 Be7 6. Bd3 O-O 7. O-O b6 8. cxd5
exd5 9. b4 a5 10. b5 Na7 11. Nc3 Bb7 12. Bb2 Bd6 13. Rc1 h6 14. Ne5 Re8 15. f4
Bxe5 16. fxe5 Ne4 17. a4 Rc8 18. Qh5 Qd7 19. Rf4 f6 20. Nxe4 dxe4 21. Bc4+ Bd5
22. Bxd5+ Qxd5 23. Rxc7 Nxb5 24. Rxg7+ Kxg7 25. Rg4+ Kf8 26. Qxh6+ Ke7 27. Rg7+
1-0

[Event "AUTO-MASTER-2092"]
[Site "http://www.queenalice.com/game.php?id=1283726"]
[Date "2014.5.24"]
[Round "1"]
[White "victorbush1"]
[Black "bouley"]
[Result "1/2-1/2"]
[WhiteElo "2024"]
[BlackElo "2109"]

1. d4 Nf6 2. Nc3 g6 3. b3 Bg7 4. Bb2 O-O 5. Nf3 d5 6. e3 Bg4 7. h3 Bd7 8. Bd3
Nc6 9. O-O Nb4 10. Be2 Bf5 11. Bd3 Nxd3 12. cxd3 c6 13. Re1 Qc7 14. e4 dxe4 15.
dxe4 Bd7 16. Qc2 b5 17. e5 Nh5 18. Nxb5 Qb6 19. Nc3 Nf4 20. Rad1 Bf5 21. Ne4
Rfd8 22. Qc5 Qc7 23. Kh2 Rab8 24. g4 Ne6 25. Qc3 Bxe4 26. Rxe4 Rb5 27. Qe3 Nc5
28. Rf4 Ne6 29. Re4 Nc5 1/2-1/2

[Event "AUTO-MASTER-2092"]
[Site "http://www.queenalice.com/game.php?id=1283727"]
[Date "2014.5.24"]
[Round "1"]
[White "bouley"]
[Black "victorbush1"]
[Result "1-0"]
[WhiteElo "2106"]
[BlackElo "2027"]

1. e4 e5 2. Bc4 Nf6 3. d4 d6 4. dxe5 Ng4 5. exd6 Qf6 6. Nf3 Bxd6 7. O-O O-O 8.
Nc3 Be6 9. Bg5 Qg6 10. Bd3 Bxh2+ 11. Nxh2 Qxg5 12. Nxg4 Bxg4 13. Be2 Bxe2 14.
Qxe2 Nc6 15. Rfd1 Rad8 16. Nb5 Qe5 17. c3 a6 18. Na3 b5 19. Nc2 Rxd1+ 20. Rxd1
Re8 21. f3 Rd8 22. Rxd8+ Nxd8 23. Qe3 c5 24. Qd3 Ne6 25. Qd5 Qc7 26. Qa8+ Nf8
27. Qxa6 Qd7 28. Ne3 g6 29. Nd5 Kg7 30. Qf6+ Kh6 31. Ne7 1-0